000
00320nam a22001337a 4500
020
_a
978-0-19-806464-0
082
_a
030
_b
SEE/O
100
_a
SEELY, JOHN
245
_a
OXFORD A-Z OF GRAMMAR & PUNCTUATION
260
_a
DELHI
_b
OXFORD UNIVERSITY PRESS
_c
2010
300
_a
148
650
_a
DICTIONARY
_z
INDIA
942
_c
BK
999
_c
1718
_d
1718